Statistics for Text Abbreviations

Click here to take the quiz!

General Stats

  • This quiz has been taken 1,380 times
  • The average score is 7 of 10

Answer Stats

HintAnswer% Correct
BRBbe right back
95%
LOLlaugh out loud
87%
B4before
85%
GTGGot to go
85%
IKRi know right
78%
TBHto be honest
78%
TTYLtalk to you later
75%
TMItoo much information
57%
IMOin my opinion
42%
ROFLOLrolling on floor laughing out loud
29%

Score Distribution

Percentile by Number Answered

Percent of People with Each Score

Your Score History

You have not taken this quiz